Diccionario de terminología pesquera / Laureano Carbonell Relat
Descripción Física:
195 p. ; 21 cm
Materias:
Pesca -- Diccionaris
MARC
| LEADER | 00000nam a2200000Ia 4500 | ||
|---|---|---|---|
| 001 | 17940 | ||
| 008 | 160829s2005 xx 000 0 cat d | ||
| 080 | |a C-2-468 | ||
| 100 | |a Carbonell Relat, Laureano |9 11644 | ||
| 245 | |a Diccionario de terminología pesquera / Laureano Carbonell Relat | ||
| 250 | |a Ed. no venal | ||
| 260 | |a Barcelona : |b l'autor, |c 2005 | ||
| 300 | |a 195 p. ; |c 21 cm | ||
| 590 | |a Bibliografia. | ||
| 590 | |a Exemplar numerat a mà: 37 | ||
| 650 | |a Pesca |x Diccionaris |9 37722 | ||
| 901 | |a Arxiu | ||
| 942 | |n 1 | ||
| 952 | |0 0 |1 0 |4 0 |6 C2468 |7 1 |9 48023 |a Arxiu |b Arxiu |d 2016-12-01 |l 0 |o C-2-468 |p 17940 |r 2016-12-01 00:00:00 |w 2016-12-01 |y ARXIU | ||
| 999 | |c 51824 |d 51824 | ||